000
00320nam a2200145Ia 4500
005
20260415111923.0
008
191201s2019 xx 000 0 und d
100
_a
RICH, Elain
245
0
_a
Artificial Intelligence
250
_a
3rd Rep
260
_b
TMH
_a
N. delhi
300
_a
568
650
_a
IT
942
_2
ddc
_c
BB
999
_c
7370
_d
7370